MARC

LEADER 00000nam0a2200000 4500
001 274631
005 20231101234740.0
020 |a RU  |b 85-82452 
035 |a (RuTPU)RU\TPU\book\297841 
090 |a 274631 
100 |a 20141107d1985 k y0rusy5003 ca 
101 0 |a rus 
102 |a BY 
105 |a a z 001zy 
200 1 |a Автоматизация процессов проектирования (направление "Вычислительная техника в машиностроении")  |e научно-технический сборник  |f Академия наук Белорусской ССР (АН БССР), Институт технической кибернетики (ИТК) 
210 |a Минск  |c Изд-во ИТК  |d 1985 
215 |a 150 с.  |c ил. 
320 |a Библиография в конце статей 
606 1 |a Автоматизированные системы проектирования  |x Вычислительные устройства  |2 stltpush  |3 (RuTPU)RU\TPU\subj\696  |9 29521 
610 0 |a САПР 
610 1 |a системы автоматизированного проектирования 
610 1 |a программно-техническое обеспечение 
610 1 |a математические проблемы 
610 1 |a логическое проектирование 
610 1 |a автоматизация 
610 1 |a научные исследования 
610 1 |a экспериментальные исследования 
675 |a 658.512.2.011.56:681.3  |z rus  |v 3 
712 0 2 |a Академия наук Белорусской ССР (АН БССР)  |b Институт технической кибернетики (ИТК)  |c (Минск)  |2 stltpush  |3 (RuTPU)RU\TPU\col\443 
801 0 |a RU  |b RuMRKP  |c 19950704  |g psbo 
801 1 |a RU  |b 63413507  |c 20141107 
801 2 |a RU  |b 63413507  |c 20170324  |g RCR 
942 |c BK